How to do Punch & Judy /

Bibliographic Details
Main Author: De Hempsey, Sydney
Other Authors: Andrews, Max
Format: Book
Language:English
Published: [Chicago] : Magic, 1976.
Subjects:

MARC

Tag First Indicator Second Indicator Subfields
LEADER 00000cam a2200000 i 4500
001 in00000017672
005 20151007053456.0
008 800326r1976 ilua 00010 eng d
035 |a (OCoLC)06129911 
035 |9 AAB1786AM 
040 |a IGA  |c IGA  |d TXA  |d UtOrBLW 
049 |a TXAM  |c [A10940550] 
050 4 |a PN1979.P9  |b D4 1976 
100 1 |a De Hempsey, Sydney. 
245 1 0 |a How to do Punch & Judy /  |c by Sydney de Hempsey ; additional chapters and revisions by Max Andrews ; illustrations by Dennis F. Harle. 
264 1 |a [Chicago] :  |b Magic,  |c 1976. 
300 |a 106 pages :  |b illustrations ;  |c 22 cm. 
336 |a text  |b txt  |2 rdacontent 
337 |a unmediated  |b n  |2 rdamedia 
338 |a volume  |b nc  |2 rdacarrier 
500 |a Reprint of the edition published by Max Andrews, London. 
630 0 0 |a Punch and Judy. 
700 1 |a Andrews, Max. 
999 |a MARS 
999 f f |s 16568e78-4f1f-3894-9b13-93bfbb291619  |i 2ea6ad21-754c-31c1-a573-a40f56a4bb58  |t 0 
952 f f |p ric  |a Texas A&M University  |b Rellis Campus  |c Joint Library Facility  |d Remote Storage  |t 0  |e PN1979.P9 D4 1976  |h Library of Congress classification  |i unmediated -- volume  |m A14810940550 
998 f f |a PN1979.P9 D4 1976  |t 0  |l Remote Storage